Responses for Show #1712 - Tuesday, January 28, 1992

Dave Willis game 3.

Contestants

[<< previous game]

Will Akers, a writer from Nashville, Tennessee

Kathy Forrest-Hayes, a waitress and student from Freehold, New Jersey

Dave Willis, a manager from Ventura, California (whose 2-day cash winnings total $18,201)

[next game >>]

Jeopardy! Round responses

WISCONSIN CITIES
ROCK GROUPS
HOLIDAYS & OBSERVANCES
U.S. COAST GUARD
FOOD
"RED", "WHITE" & "BLUE"
    $100 16
UFOs

Dave
    $100 3
The Rolling Stones

Will
    $100 1
Mardi Gras

Dave
    $100 25
the Navy

Dave
    $100 8
oysters

Will
    $100 20
in the red

Will
    $200 17
(Kathy: What is, uh... Green Bay?)

Milwaukee

Kathy
Triple Stumper
    $200 4
The Monkees

Will
    $200 2
Labor Day

Will
    $200 26
(sinking of) the Titanic

Will
    $200 9
sauerkraut

Dave
    $200 21
a blue whale

Dave
    $300 18
(Dave: What is the John Birch Society?)

the GOP (the Republican Party)

Dave
Triple Stumper
    $300 5
Kiss

Will
    $300 13
Hawaii

Dave
    $300 27
Woodrow Wilson

Will
    $300 10
(Dave: [*]. What is [*]?)

jerky

Dave
    $300 22
White Sands

Will
    $400 19
rope skipping (rope jumping)

Kathy
    $400 6
(Alex: [To Will] You wanna ring in now on the last clue before we even reveal it?)
[Laughter]

Led Zeppelin

Will
    $400 14
(Dave: What is the garlic?)

the leek

Dave
Triple Stumper
    $400 28
Charleston (South Carolina)

Dave
    $400 11
bagels

Dave
    $400 23
Blue Devils

Dave
    $500 30
the polka

Will
    $500 7
(Alex: Nicely done, you ran the category.)
[Applause]

Cream

Will
    $1,000 15
Texas

Dave
    $500 29
(Dave: [*]--what is [*]?)

always ready

Dave
    $500 12
zabaglione

Dave
    $500 24
White Plains

Will

Scores at the first commercial break (after clue 15):

Dave Kathy Will
$2,400 $0 $1,800

Scores at the end of the Jeopardy! Round:

Dave Kathy Will
$3,800 $200 $3,700

Double Jeopardy! Round responses

ANCIENT EGYPT
FASHION
THE HUMAN BODY
FAMOUS FIRSTS
LANGUAGES
THEATRE HISTORY
    $200 4
papyrus

Will
    $200 11
a boa

Dave
    $200 1
the uterus

Kathy
    $200 12
(Kathy: What's the Rose Bowl?)
[Alex does not rule.]
(Kathy: Parade?)

the Rose Bowl Parade (the Tournament of Roses Parade)

Kathy
    $200 18
German

Dave
    $200 28
the Roman Empire

Dave
    $400 5
the Pharaoh

Dave
    $400 13
beehive

Dave
    $400 2
the optic nerve

Kathy
    $400 14
basketball

Dave
    $400 19
Gaelic

Will
    $400 29
the saints

Will
    $600 6
Cleopatra

Dave
    $600 23
a purse

Will
    $600 3
the lymph glands (nodes)

Will
    $600 15
"Mary Had A Little Lamb"

Dave
    $600 21
Cantonese

Dave
    $600 30
Laurence Olivier

Dave
    $2,800 7
Thebes

Dave
    $800 27
(Dave: What are Bermudas?)

hot pants

DaveKathy
    $800 9
the pericardium

Dave
    $800 16
(Kathy: Who is Earhart?)

Nellie Bly

Kathy
Triple Stumper
    $800 20
Greek

Dave
    $800 26
(Alex: The Tonys were named for her and her name is [*].)

Antoinette Perry

Triple Stumper
    $1000 8
(Dave: Who is Anubis?)

Osiris

Dave
Triple Stumper
    $1000 24
(Kathy: What is tap?)

ballet

KathyWill
    $1000 10
sebaceous glands

Kathy
    $1000 17
John Quincy Adams

Triple Stumper
    $2,400 22
(Dave: What is India?)

Bangladesh

Dave
    $1000 25
William Inge

Triple Stumper

Scores at the end of the Double Jeopardy! Round:

Dave Kathy Will
$8,200 $1,000 $6,900

[wagering suggestions for these scores]

Final Jeopardy! Round responses

THE ELEMENTS
KathyWhat is radon
$999
WillWhat is radon
$6,900
DaveWhat is radon
$6,000
radon

Final scores:

Dave Kathy Will
$14,200 $1,999 $13,800
3-day champion: $32,401 3rd place: Service Merchandise gift certificate + Jeopardy! home game 2nd place: Broyhill entertainment center + Sanyo VCR + Jeopardy! home game

Game dynamics:

Coryat scores:

Dave Kathy Will
$8,100 $1,000 $6,900
26 R
(including 2 DDs),
5 W
(including 1 DD)
6 R,
3 W
19 R,
0 W

Combined Coryat: $16,000

[game clues] [game scores] [suggest correction]

Game tape date: 1991-11-12
The J! Archive is created by fans, for fans. Scraping, republication, monetization, and malicious use prohibited; this site may use cookies and collect identifying information. See terms. The Jeopardy! game show and all elements thereof, including but not limited to copyright and trademark thereto, are the property of Jeopardy Productions, Inc. and are protected under law. This website is not affiliated with, sponsored by, or operated by Jeopardy Productions, Inc. Join the discussion at JBoard.tv.